| 000 | 00488nam a2200169Ia 4500 | ||
|---|---|---|---|
| 003 | OSt | ||
| 005 | 20260326140152.0 | ||
| 008 | 190216s9999||||xx |||||||||||||| ||und|| | ||
| 040 | _coclc | ||
| 082 |
_a839.7301 _bBER/N |
||
| 100 |
_aBergman, Ingmar _98187 |
||
| 245 | 0 |
_aNilavilikalum Marmarangalum / _cIngmar Bergman |
|
| 260 |
_bMulberry Books, _aKozhikode: _c1999. |
||
| 300 | _a65p | ||
| 650 | _aKathakal | ||
| 942 |
_cBK _2ddc _h839.7301 _iBER/N _k839.7301 _mBER/N |
||
| 999 |
_c28026 _d28026 |
||